Положение вопроса сибирской сахарной промышленности к концу 1922 г; Вестник Сибирских Инженеров; № 3

Manylion Llyfryddiaeth
Parent link:Вестник Сибирских Инженеров: научно-технический журнал/ Орган Общества Сибирских Инженеров ; Областное Объединение Всесоюзной Ассоциации Инженеров для Западной Сибири.— , 1916-1928
№ 3.— 1923.— с. 1-6
Prif Awdur: Лебедев С. В.
Iaith:Rwseg
Cyhoeddwyd: 1923
Pynciau:
Fformat: Pennod Llyfr
KOHA link:https://koha.lib.tpu.ru/cgi-bin/koha/opac-detail.pl?biblionumber=418194

MARC

LEADER 00000naa2a2200000 4500
001 418194
005 20241224113318.0
035 |a (RuTPU)RU\TPU\prd\75342 
035 |a RU\TPU\tpu\7226 
090 |a 418194 
100 |a 20100128d1923 k||y0rusy50 ca 
101 0 |a rus 
102 |a RU 
200 1 |a Положение вопроса сибирской сахарной промышленности к концу 1922 г  |f С. В. Лебедев 
461 |0 (RuTPU)RU\TPU\prd\698  |t Вестник Сибирских Инженеров  |o научно-технический журнал  |f Орган Общества Сибирских Инженеров ; Областное Объединение Всесоюзной Ассоциации Инженеров для Западной Сибири  |d 1916-1928 
463 |0 (RuTPU)RU\TPU\prd\75329  |t № 3  |v с. 1-6  |d 1923 
610 1 |a пищевая промышленность 
610 1 |a труды учёных ТПУ 
700 1 |a Лебедев  |b С. В. 
801 0 |a RU  |b 63413507  |c 20011210  |g PSBO 
801 2 |a RU  |b 63413507  |c 20100128  |g PSBO 
942 |c BK